000 00646nam a2200229Ia 4500
005 20250108125134.0
008 008 250107s9999 xx 000 0 eng d
020 _a978-0-2978-7092-0
037 _aREF
040 _aCRL
_beng
_cCRL
041 _aeng
_2eng
084 _ak1 Q4.1-.5 (RR)
084 _qCRL
100 _aSpringer Nature Au.
_9730465
245 0 _aIndia research tour
_cSpringer Nature Au.
260 _aNew Delhi, India
_bMinistry of Education
_c3439
300 _a134p.
365 _aINR
_b1600
650 _aRESEARCHSOCIAL SCIENCES
_9730466
942 _cREF
_hk1 Q4.1-.5 (RR)
999 _c1235827
_d1235827